|
|
|
|
| LEADER |
00902nam a2200229 i 4500 |
| 003 |
GR-PaULI |
| 005 |
20231031113504.0 |
| 008 |
231031s1972 uk a|||f b||| 001 0 eng d |
| 020 |
|
|
|a 0140214747
|
| 040 |
|
|
|a GR-PaULI
|c GR-PaULI
|b gre
|e AACR2
|
| 041 |
0 |
|
|a eng
|
| 082 |
0 |
4 |
|a 364.155 2
|2 23
|
| 100 |
1 |
|
|9 6084
|a Hobsbawm, Eric J.
|d 1917-2012
|e συγγραφέας.
|
| 245 |
1 |
0 |
|a Bandits /
|c E. J. Hobsbawm.
|
| 260 |
|
|
|a Middlesex :
|b Penguin Books,
|c 1972.
|
| 300 |
|
|
|a 155 σ. :
|b εικ. ;
|c 22 εκ.
|
| 504 |
|
|
|6 Περιλαμβάνει βιβλιογραφία και ευρετήριο.
|
| 650 |
|
4 |
|9 200618
|a Ληστές και κλέφτες.
|
| 942 |
|
|
|2 ddc
|c BK15
|
| 952 |
|
|
|0 0
|1 0
|2 ddc
|4 0
|6 364_155000000000000_2_HOB
|7 0
|9 375017
|a PHIL
|b PHIL
|d 2023-10-31
|i 3468
|l 0
|o 364.155 2 HOB
|p 025000242122
|r 2023-10-31 00:00:00
|t 1
|w 2023-10-31
|y BK15
|
| 998 |
|
|
|c ΚΑΝΕΛΛΟΠΟΥΛΟΥ
|d 2023-10
|
| 999 |
|
|
|c 218653
|d 218653
|